000 01048cam a2200325 a 4500
001 3804271
003 OSt
005 20240624101417.0
008 850228s1985 enk b 001 0 eng
010 _a 85004950
020 _a0198532415 :
_c$17.95 (U.S.)
040 _aMUST LIBRARY
_cMUST
_dMUST
050 0 0 _aQA248
_b.B44 1985
082 0 0 _a511.3
_219
_bBEL
100 1 _aBell, J. L.
_q(John Lane)
_917622
245 1 0 _aBoolean-valued models and independence proofs in set theory /
_cJ.L. Bell.
250 _a2nd ed.
260 _aOxford [Oxfordshire] :
_bOxford University Press,
_c1985.
300 _axx, 165 p. ;
_c24 cm.
440 0 _aOxford logic guides ;
_v12
_917623
440 0 _aOxford science publications
500 _aIncludes indexes.
504 _aBibliography: p. 157-160.
650 0 _aAxiomatic set theory.
_917624
650 0 _aIndependence (Mathematics)
_917625
650 0 _aAlgebra, Boolean.
_917626
650 0 _aModel theory.
_917627
906 _a7
_bcbc
_corignew
_d1
_eocip
_f19
_gy-gencatlg
942 _2ddc
_cO_SHELF
999 _c8719
_d8719